Fallout Locations - Statistics

General Stats
  • This quiz has been taken 49 times
  • The average score is 7 of 12
Answer Stats
Locations: % Correct
Shady Sands
95%
Vault 13
82%
Vault 15
74%
Boneyard
69%
Junktown
59%
The Hub
59%
Brotherhood
51%
Cathedral
49%
Military Base
49%
Necropolis
49%
The Glow
46%
Raiders
38%
No matching quizzes found
Score Distribution
Percent of People with Each Score
Percentile by Number Answered
Your Score History
You have not taken this quiz